Stadt zu Land #11 - Statistiken

Allgemein
  • Dieses Quiz wurde 188 mal gespielt
  • Das Durchschnittsergebnis liegt bei 10 aus 15
Antwortstatistiken
Stadt Land % Korrekt
Hanoi Vietnam
97%
Hammerfest Norwegen
92%
Le Havre Frankreich
90%
Harbin China
89%
Ufa Russland
87%
Edmonton Kanada
84%
Hachijojima Japan
82%
Fayetteville Vereinigte Staaten
65%
Vejle Dänemark
58%
Husavik Island
57%
Hilversum Niederlande
51%
Bialystok Polen
40%
Hrodna Weißrussland
33%
Hengchung Taiwan
31%
Hargeisa Somalia
13%
Keine übereinstimmenden Quizze gefunden
Verteilung der Resultate
Anzahl Personen mit jedem Resultat
Perzentil nach korrekt beantworteten Fragen
Ihre Resultats-Entwicklung
Sie haben dieses Quiz noch nicht gespielt